Computer Fundamentals/ (Record no. 211728)

MARC details
000 -LEADER
fixed length control field 00623nam a22002057a 4500
005 - DATE AND TIME OF LATEST TRANSACTION
control field 20250611121337.0
010 ## - LCCN (DPL NO)
LC control number ENG-145283
020 ## - INTERNATIONAL STANDARD BOOK NUMBER
International Standard Book Number 9789381156117
Terms of availability 295.00
035 ## - SYSTEM CONTROL NUMBER
System control number EN-128815
037 ## - SOURCE OF ACQUISITION
Source of stock number/acquisition DBAD
082 ## - DEWEY DECIMAL CLASSIFICATION NUMBER
Classification number 005.133
100 ## - MAIN ENTRY--PERSONAL NAME
Personal name Pandey, U.S.
245 ## - TITLE STATEMENT
Title Computer Fundamentals/
Statement of responsibility, etc U.S. Pandey; Harman Preet Singh [and] Varinder Kumar
260 ## - PUBLICATION, DISTRIBUTION, ETC. (IMPRINT)
Place of publication, distribution, etc Delhi
Name of publisher, distributor, etc Variety Books Publisher's
Date of publication, distribution, etc 2012
270 ## - ADDRESS
City Delhi
Postal code 110092
300 ## - PHYSICAL DESCRIPTION
Extent 446p.
Dimensions 24cm(pb)
700 ## - ADDED ENTRY--PERSONAL NAME
Personal name Harman Preet Singh
Relator term Author
9 (RLIN) 81884
700 ## - ADDED ENTRY--PERSONAL NAME
Personal name Varinder Kumar
Relator term Author
9 (RLIN) 81885
942 ## - ADDED ENTRY ELEMENTS (KOHA)
Source of classification or shelving scheme Dewey Decimal Classification
Item type English Books
Classification part 005.133
Call number suffix PAN
Holdings
Withdrawn status Lost status Not for loan Collection code Home library Current library Date acquired Source of acquisition Cost, normal purchase price Full call number Barcode Copy number Cost, replacement price Koha item type
      Non-fiction Mobile Library Mobile Library 11/06/2025 Delivery of Books Act Division 295.00 005.133 PAN EN-128815 1 295.00 English Books

© Delhi Public Library
Hit Counter
free hit counter